| Поле | Инд. | ПП | Название | Значение |
|---|---|---|---|---|
| Тип записи | a | |||
| Библиографический уровень | m | |||
| 001 | Контрольный номер | RU/IS/BASE/424198285 | ||
| 005 | Дата корректировки | 20260401125936.5 | ||
| 020 | a | ISBN | 978-5-392-09833-0 | |
| 040 | b | Код языка каталог. | rus | |
| e | Правила каталог. | PSBO | ||
| 041 | 0_ | a | Код языка текста | rus |
| 084 | a | Индекс другой классификации/Индекс ББК | У22я7 | |
| 084 | a | Индекс другой классификации/Индекс ББК | У224я7 | |
| 090 | a | Полочн. индекс | У2 | |
| x | Авторский знак | Э 40 | ||
| 097 | b | Оператор | *Ст* | |
| b | Оператор | *Ир* | ||
| 097 | b | Оператор | *Ж* | |
| 097 | b | Оператор | *С* | |
| 100 | 1_ | a | Автор | Болотин С.А. |
| 245 | 10 | a | Заглавие | Экономика и управление недвижимостью |
| b | Продолж. заглавия | учебно-практическое пособие для вузов по направлению "Строительство" | ||
| c | Ответственность | под общей редакцией П.Г. Грабового | ||
| c | Ответственность | Моск. гос. строит. ун-т, Нац. исслед. ун-т | ||
| 250 | a | Основные сведения об издании | 2-е изд., доп. и перераб. | |
| 260 | a | Место издания | Москва | |
| b | Издательство | Проспект | ||
| c | Дата издания | 2013 | ||
| 300 | a | Объем | 569 с. | |
| b | Иллюстрации/ тип воспроизводства | ил., табл. | ||
| 516 | 8_ | a | Прим. о типе комп. файла/ данных | Текст : непосредственный |
| 520 | 0_ | a | Аннотация | Учебник представляет собой системный подход по экономическим и управленческим вопросам, связанным со становлением, функционированием и развитием недвижимости на всех этапах ее жизненного цикла. Данное пособие с примерами, упражнениями и прикладными задачами по различным объектам недвижимости включает переработанные главы и дополнения к предыдущему изданию и подготовлено с целью закрепления теоретического курса основного учебника "Экономика и управление недвижимостью", выпущенного в 2012 году. |
| 583 | a | Действие | Перевод | |
| 653 | 0_ | a | Ключевые слова | Девелопмент |
| a | Ключевые слова | Налогообложение | ||
| a | Ключевые слова | Недвижимость | ||
| a | Ключевые слова | Оценка недвижимости | ||
| a | Ключевые слова | Сделки с недвижимостью | ||
| a | Ключевые слова | Страхование | ||
| a | Ключевые слова | Управление | ||
| a | Ключевые слова | Экономика | ||
| a | Ключевые слова | Экономический анализ | ||
| 655 | 07 | a | Жанр/ форма (устаревшее) | У |
| 700 | 12 | a | Другие авторы | Боронин С.А. |
| 700 | 1_ | a | Другие авторы | Грабовой П.Г. |
| 700 | 1_ | a | Другие авторы | [и др.] |
| 901 | t | Тип документа | m | |
| 905 | a | Дата создания записи | 02.04.14 | |
| c | Дата приписки | 28.06.24 | ||
| d | Дата перевода | 01.04.26 | ||
| 952 | b | Гриф литературы для ВШ | Гриф УМО | |
| a | Тип литературы для КСУ ВШ | У2 | ||
| 952 | e | Факультет | *ФУСК* | |
| e | Факультет | *ИСФ* | ||
| 990 | f | Даты поступлений (DOS) | 25.05.13 | |
| f | Даты поступлений (DOS) | 22.06.24 | ||
| g | Размещение заказа (DOS) | Мысль | ||
| g | Размещение заказа (DOS) | Замена Ц | ||
| h | N записи в КСУ для Б/У (DOS) | 29/2013 | ||
| h | N записи в КСУ для Б/У (DOS) | 22/2024 | ||
| j | Количество экземпляров (DOS) | 1+1 | ||
| c | Приоритет заказа (DOS) | д |